India, china and globalization: the emerging superpowers and the future of economic development (Record no. 46629)
[ view plain ]
| 000 -LEADER | |
|---|---|
| fixed length control field | 00736nam a2200181 a 4500 |
| 008 - FIXED-LENGTH DATA ELEMENTS--GENERAL INFORMATION | |
| fixed length control field | 150601s2007 ||||||||||||||||| || u |
| 020 ## - INTERNATIONAL STANDARD BOOK NUMBER | |
| International Standard Book Number | 9780230500518 |
| 050 ## - LIBRARY OF CONGRESS CALL NUMBER | |
| Classification number | HC 435.3 Mah |
| 100 ## - MAIN ENTRY--PERSONAL NAME | |
| Personal name | Mahtaney, Piya |
| 245 10 - TITLE STATEMENT | |
| Title | India, china and globalization: the emerging superpowers and the future of economic development |
| Statement of responsibility, etc. | By Piya Mahtaney |
| 260 ## - PUBLICATION, DISTRIBUTION, ETC. | |
| Place of publication, distribution, etc. | New York: |
| Name of publisher, distributor, etc. | Palgrave Macmillan |
| Date of publication, distribution, etc. | 2007 |
| 300 ## - PHYSICAL DESCRIPTION | |
| Extent | x, 323p.: |
| 350 ## - PRICE (NR) (BK AM CF MU VM SE) [OBSOLETE] | |
| Price | 145.00 |
| 650 ## - SUBJECT ADDED ENTRY--TOPICAL TERM | |
| Topical term or geographic name entry element | INDIA--FOREIGN ECONOMIC RELATIONS |
| 650 ## - SUBJECT ADDED ENTRY--TOPICAL TERM | |
| Topical term or geographic name entry element | INDIA--ECONOMIC POLICY |
| 650 #0 - SUBJECT ADDED ENTRY--TOPICAL TERM | |
| Topical term or geographic name entry element | GLOBALIZATION--ECONOMIC ASPECTS |
| 995 ## - RECOMMENDATION 995 [LOCAL, UNIMARC FRANCE] | |
| -- | CBU-MAIN LIBRARY (Kitwe) |
| -- | 145.00 |
| -- | 1 |
| -- | AVAILABLE |
| -- | Jul 14, 2015 |
| -- | Main Library Open Access Collection |
| Withdrawn status | Lost status | Source of classification or shelving scheme | Damaged status | Not for loan | Home library | Current library | Shelving location | Date acquired | Total Checkouts | Full call number | Barcode | Date last seen | Price effective from | Koha item type |
|---|---|---|---|---|---|---|---|---|---|---|---|---|---|---|
| CBU-MAIN LIBRARY, KITWE. | CBU-MAIN LIBRARY, KITWE. | 11/30/2022 | HC 435.3 Mah | 745513 | 11/30/2022 | 11/30/2022 | MONOGRAPH |